=LDR 00000nam 2200000 4500 =001 INLIS000000000020589 =005 20130612115535 =008 ***********************************Ind** =035 ##$$0010-061300000020589 =041 ##$$a Ind =082 ##$$a 925 =090 ##$$a 925, Kha a =100 ##$$a Khan, Gillian =245 ##$$a An ocean apart, Gilian khan ; alih bahasa, Ursula G. Buditjahja =260 ##$$a 2005 $b Jakarta =300 ##$$a vi, 251 hlm, 20 cm =650 ##$$a Mei-Ling-Biografi =850 ##$$a NBPNMAT